[Event "IOM Open-Masters 2017"]
[Site "Douglas"]
[Date "2017.09.22"]
[Round "1"]
[White "Carlsen, Magnus"]
[Black "Birkisson, Bardur Orn"]
[Result "1-0"]
[WhiteElo "2827"]
[BlackElo "2164"]
[Annotator "TA"]
[PlyCount "73"]
[EventDate "2017.??.??"]
[EventType "swiss"]
[EventCountry "GBR"]
[SourceTitle "playchess.com"]
[Source "ChessBase"]
[SourceQuality "1"]

{[%evp 22,73,51,51,54,55,43,48,44,50,77,77,73,82,79,0,0,0,122,131,131,134,351,335,319,246,223,221,235,224,220,182,323,324,321,309,318,304,961,968,772,858,923,783,897,853,699,502,5114,5102,5065,1289,1673,475]} 1. c4 Nf6 2. Nc3 e6 3. d4 Bb4 4. e3 O-O 5. Nf3 b6 6. Bd3 Bb7 7. O-O d5 8. cxd5 exd5 9. Ne5 Nbd7 10. f4 {E52: Nimzo-Indian: Rubinstein: 4...0-0 5 Nf3 d5 6 Bd3 b6} Ne4 (10... c5 11. Ne2 c4 12. Bf5 g6 13. Qa4 gxf5 14. Qxb4 Ne4 15. a4 f6 16. Nf3 Nb8 17. Qe1 Nc6 18. Bd2 Kh8 {1-0 (64) Caruana,F (2787)-Adams,M (2744) Wijk aan Zee 2016}) 11. Nxe4 dxe4 12. Bc4 {LiveBook: 4 Games. Threatens to win with Nxf7.White is slightly better.} Qe7 13. a3 Bd6 $1 14. b4 Nf6 $146 ({Predecessor:} 14... a6 15. Bd2 b5 16. Bb3 Nb6 17. Qc2 Kh8 {0-1 (28) Rihterovic,M (2242)-Kahrovic,M (2275) Valjevo 2010}) 15. Bb2 c6 16. Qc2 b5 17. Bb3 a5 18. h3 ({White should try} 18. bxa5 $16 c5 19. dxc5 Bxc5 20. Qd2) 18... axb4 $11 19. axb4 Bxb4 (19... Rac8 $11 {keeps the balance.}) 20. Rxa8 $1 $16 ({Don't take} 20. Nxc6 $6 Bxc6 21. Qxc6 Rab8 $14) 20... Bxa8 {[#]} 21. Ra1 $1 Nd5 $2 {[#]} (21... Bb7 $16) 22. Rxa8 $1 $18 {[%mdl 512]} Rxa8 23. Qxc6 Nc7 24. Bxf7+ ({Less strong is} 24. Qxe4 Rf8 $14) 24... Kh8 25. Qxe4 {Black must now prevent d5.} Rf8 26. d5 {Ng6+! would kill now.} Rxf7 (26... Ne8 $142) 27. Nxf7+ Qxf7 28. Qxb4 Nxd5 29. Qxb5 Nxe3 $2 (29... h5 30. Qc4 Qd7) 30. Qb8+ {White is clearly winning.} Qg8 {[#]} 31. Bxg7+ $1 {[%mdl 512]} Kxg7 32. Qe5+ Kf7 33. Qxe3 Qg6 34. Kh2 h5 (34... Qc2 $142 35. Qd4 Qc6) 35. Qb3+ Kf8 36. Qb8+ (36. Qd5 $142 Ke8 37. Qg5) 36... Kg7 37. Qe5+ {Precision: White = 84%, Black = 41%.} 1-0

[Event "IOM Open-Masters 2017"]
[Site "Douglas"]
[Date "2017.09.22"]
[Round "1"]
[White "Caruana, Fabiano"]
[Black "Kramnik, Vladimir"]
[Result "1-0"]
[WhiteElo "2799"]
[BlackElo "2803"]
[Annotator "TA"]
[PlyCount "133"]
[EventDate "2017.??.??"]
[EventType "swiss"]
[EventCountry "GBR"]
[SourceTitle "playchess.com"]
[Source "ChessBase"]
[SourceQuality "1"]

{[%evp 21,133,18,14,17,30,6,16,15,25,0,10,0,0,0,0,-27,0,0,0,-56,41,25,25,21,93,0,0,0,41,71,44,43,49,45,39,47,41,65,53,37,37,51,50,54,46,60,60,60,60,50,53,53,47,50,52,56,73,73,73,73,77,73,77,73,77,76,164,83,83,83,83,83,83,83,83,83,345,333,324,316,791,769,782,719,634,608,1127,588,1212,898,29956,29958,9703,11235,29958,29962,29961,29962,29960,29961,29963,29964,29959,12848,29975,29976,29982,29983,29984,29985,29986,29987,29987,29988]} 1. c4 e6 2. Nc3 d5 3. d4 Nf6 4. cxd5 exd5 5. Bg5 c6 6. Qc2 h6 7. Bh4 Be7 8. e3 O-O 9. Bd3 Re8 10. Nge2 Nh5 {D36: Queen's Gambit Declined: Exchange Variation: Main line (5 Bg5 c6 6 Qc2)} (10... Ne4 11. Bxe7 Qxe7 12. Bxe4 dxe4 13. Ng3 f5 14. O-O Qg5 15. Rae1 h5 16. Qb3+ Be6 17. Qxb7 Nd7 18. Nge2 Nf6 19. b3 h4 20. Nf4 Bf7 21. Rc1 {1-0 (31) Kuzubov,Y (2640)-Hayrapetyan,H (2489) Al Ain 2015}) 11. Bxe7 Qxe7 {LiveBook: 4 Games} 12. h3 a5 {The position is equal.} 13. a3 $146 ({Predecessor:} 13. g4 Nf6 14. Ng3 c5 15. Nce2 c4 16. Bf5 Nc6 17. O-O b5 18. Nf4 {0-1 (44) Novotny,M (2219)-Konopka,M (2424) Zdar nad Sazavou 2007}) 13... Nd7 14. Na4 Qh4 15. g3 Qd8 16. g4 Nhf6 17. Ng3 Nf8 18. O-O-O b6 19. Kb1 Bd7 20. Nf5 (20. Rc1 $11) 20... c5 (20... Rb8 $1 $15) 21. dxc5 $14 Bxa4 22. Qxa4 bxc5 {[#]} 23. Bb5 ({Better is} 23. h4 $1 $16) 23... Re6 $1 $11 24. Qc2 Rb6 (24... a4 $5) 25. a4 $1 ({Not} 25. Qxc5 $2 Ne6 $19) 25... Ne6 26. h4 {aiming for g5!} Nc7 $1 {[%cal Rc7b5]} 27. Qxc5 Nxb5 28. axb5 {And now g5 would win.} Qb8 $1 29. g5 Rxb5 30. Qc2 Ne4 31. Ne7+ Kh8 32. Rxd5 Rxd5 33. Nxd5 Qe5 34. Rd1 Rd8 $1 {[%cal Rd8d5]} 35. Rd4 {Threatens to win with Nf6.} Rxd5 36. Rxe4 $40 {[%mdl 4224] Endgame KQR-KQR. Black needs to defend precisely.} Rd1+ $1 37. Ka2 Qd5+ 38. Qc4 hxg5 39. hxg5 Kh7 40. Qxd5 Rxd5 $16 {KR-KR} 41. f4 Kg6 42. Rd4 Rb5 43. Ka3 Kf5 {[#]} (43... Rb7 $16) 44. b3 (44. Rd7 $1 $18) 44... f6 45. Ka4 Rb7 46. Rc4 ({But not} 46. Kxa5 $6 Rxb3 47. Rd5+ Kg4 $11) 46... Ra7 47. Rc5+ Ke4 48. Rxa5 Re7 $2 {[%mdl 8192]} (48... Rf7 $16 49. b4 Kxe3) 49. gxf6 gxf6 50. Ra6 Kf5 $2 (50... Rf7 51. Re6+ Kf5) 51. Rd6 $18 Ra7+ 52. Kb5 Rb7+ 53. Kc4 Rc7+ 54. Kd4 Rb7 55. e4+ {[%cal Be3e4,Be4e5][%mdl 32]} Kxf4 56. Rxf6+ Kg5 57. Rf5+ Kg4 58. Kc4 Re7 59. Rd5 Kf4 {[#]} 60. e5 $1 Kf5 (60... Rxe5 61. Rxe5) 61. b4 {[%cal Bb3b4,Bb4b5,Bb5b6][%mdl 32]} Ke6 62. b5 Ra7 63. b6 {White mates.} Rb7 64. Rb5 Kd7 65. Kd5 Kc8 66. e6 Kd8 67. Kc6 {Precision: White = 73%, Black = 43%.} 1-0

[Event "IOM Open-Masters 2017"]
[Site "Douglas"]
[Date "2017.09.22"]
[Round "1"]
[White "Anand, Viswanathan"]
[Black "Esserman, Marc"]
[Result "1-0"]
[WhiteElo "2794"]
[BlackElo "2453"]
[Annotator "TA"]
[PlyCount "91"]
[EventDate "2017.??.??"]
[EventType "swiss"]
[EventCountry "GBR"]
[SourceTitle "playchess.com"]
[Source "ChessBase"]
[SourceQuality "1"]

{[%evp 13,91,-4,16,5,10,14,14,0,41,43,43,14,62,68,66,66,66,61,54,56,70,65,94,57,67,66,64,66,66,75,78,60,48,59,77,81,95,67,88,58,88,71,82,80,97,97,95,95,93,86,136,116,335,327,462,329,383,356,315,336,411,400,358,307,370,297,613,393,630,608,1333,1331,1274,1261,29979,29980,29980,29981,29986,29984]} 1. e4 c5 2. Nf3 d6 3. d4 cxd4 4. Nxd4 Nf6 5. Nc3 a6 6. Be2 e5 7. Nf3 Qc7 8. Bg5 {B92: Sicilian Najdorf: 6 Be2} (8. a4 Be7 9. O-O O-O 10. Bg5 Be6 11. Bxf6 Bxf6 12. Nd5 Bxd5 13. Qxd5 Nd7 14. c3 g6 15. Nd2 Rad8 16. Nc4 Be7 {1-0 (36) Hovhannisyan,R (2630)-Bellahcene,B (2496) London 2016}) 8... Nbd7 9. a4 h6 10. Be3 {The position is equal.} b6 11. Nd2 Bb7 12. O-O Rc8 $146 ({Predecessor:} 12... Be7 13. f3 O-O 14. Bc4 Rfd8 15. Qe2 Nc5 16. b4 {½-½ (37) Guerra Tulcan,L (2274)-Tapie Amione,P (2194) Havana 2008}) 13. Bd3 Be7 14. Qe2 Ra8 15. Bc4 O-O 16. Rfd1 Rfc8 17. Bb3 Bf8 18. Kh1 Bc6 19. f3 Nc5 20. Bxc5 dxc5 21. Bc4 Qb7 22. Nf1 Ne8 23. Ne3 Nd6 24. Bd5 b5 25. Bxc6 Qxc6 26. Ncd5 bxa4 27. Ra2 Rab8 28. Rda1 Qb5 29. Qe1 a3 30. Rxa3 Qxb2 31. Rxa6 c4 32. h4 h5 $2 (32... Re8 $16 33. Qg3 Kh8) 33. Qg3 $18 g6 (33... Rb7 {is a better defense.} 34. R6a2 Qd4) 34. R6a2 Qd4 35. Rd1 Qc5 36. Qxe5 Bg7 37. Qg5 Kh8 38. e5 Nb5 39. Ra4 Na3 $2 (39... Re8 40. Rxc4 Qf8) 40. Qf4 Kg8 $2 {[#]} (40... Qf8 41. Ra7 Bh6 42. Qxf7 Qxf7 43. Rxf7 Rf8) 41. e6 $1 {[%mdl 512]} fxe6 42. Nf6+ Bxf6 43. Qxf6 {Intending Rd7 and mate.} Qxe3 44. Qxg6+ {White mates.} Kf8 45. Qf6+ Kg8 {[#]} 46. Rxa3 $1 {[%mdl 512] Precision: White = 89%, Black = 39%.} 1-0

[Event "IOM Open-Masters 2017"]
[Site "Douglas"]
[Date "2017.09.22"]
[Round "1"]
[White "Adams, Michael"]
[Black "Bianco, Valerio"]
[Result "1-0"]
[WhiteElo "2738"]
[BlackElo "2086"]
[Annotator "TA"]
[PlyCount "63"]
[EventDate "2017.??.??"]
[EventType "swiss"]
[EventCountry "GBR"]
[SourceTitle "playchess.com"]
[Source "ChessBase"]
[SourceQuality "1"]

{[%evp 9,63,6,15,14,7,7,22,23,98,18,25,25,20,0,24,0,0,0,0,0,8,0,0,0,0,0,0,0,21,0,36,0,83,87,83,35,45,40,65,70,58,37,35,35,24,0,0,0,570,566,1004,942,1406,552,5385,5297]} 1. e4 c6 2. d4 d5 3. e5 c5 4. Nf3 cxd4 5. Nxd4 Nc6 (5... e6 6. c4 Bb4+ 7. Nc3 Ne7 8. Be2 Nbc6 9. Nxc6 Nxc6 10. O-O d4 11. Ne4 Nxe5 12. Bf4 Nc6 13. c5 {1-0 (45) Ragger,M (2697)-Van Foreest,J (2612) Wijk aan Zee 2017}) 6. Nxc6 {B12: Caro-Kann: Advance Variation} bxc6 7. Bd3 Ba6 $146 ({Predecessor:} 7... e6 8. O-O g6 9. Nd2 Bg7 10. f4 Ne7 11. Nf3 O-O 12. Be3 a5 13. Bc5 {1-0 (31) Moore,R (1734)-Ocana Lameiro,O (1984) Benidorm 2015}) 8. e6 {The position is equal.} fxe6 {[#]} (8... Bxd3 $11 9. cxd3 (9. exf7+ Kxf7 10. cxd3 e5 $11) 9... fxe6) 9. O-O ({Much worse is} 9. Bxa6 $6 Qa5+ 10. Nd2 Qxa6 $11) (9. Qh5+ $1 $16 g6 10. Bxg6+ Kd7 11. Qe5 hxg6 12. Qxh8) 9... Bxd3 $11 10. cxd3 g6 11. Bf4 Bg7 12. Qe2 Nf6 13. Nd2 {[%cal Bb1d2,Bd2f3,Bf3e5][%mdl 32]} Nh5 14. Be5 O-O 15. Nf3 Bxe5 16. Nxe5 c5 17. g3 Qd6 18. Rac1 Rac8 19. Rfe1 Ng7 20. h4 Rf5 (20... Nf5 $11) 21. b4 $16 Rc7 22. bxc5 Rxc5 23. d4 Rc7 24. Qd2 Rf8 25. Rxc7 Qxc7 26. Rc1 Qb7 27. g4 $36 {[%mdl 2048] White has some pressure.} Ne8 28. Qe3 Nc7 $2 {[%mdl 8192]} (28... Nd6 $11 {and Black is okay.}) 29. h5 $18 {White is clearly winning.} Kg7 30. hxg6 {[#] Black must now prevent Qg5.} hxg6 31. Nd7 (31. Kg2 $142 {Intending Rh1 and mate.} Qb8 32. Nd7) 31... Rc8 32. Qg5 {Precision: White = 56%, Black = 53%.} 1-0

[Event "IOM Open-Masters 2017"]
[Site "Douglas"]
[Date "2017.09.22"]
[Round "1"]
[White "Eljanov, Pavel"]
[Black "Arkell, Keith C"]
[Result "1-0"]
[WhiteElo "2734"]
[BlackElo "2415"]
[Annotator "TA"]
[PlyCount "87"]
[EventDate "2017.??.??"]
[EventType "swiss"]
[EventCountry "GBR"]
[SourceTitle "playchess.com"]
[Source "ChessBase"]
[SourceQuality "1"]

{[%evp 19,87,50,60,59,62,54,46,54,64,68,55,65,93,102,116,114,115,117,117,115,115,115,177,167,216,127,190,106,252,238,400,402,402,401,362,396,397,322,396,393,370,343,348,370,313,150,150,150,160,167,153,144,272,262,391,381,393,288,277,252,292,262,366,389,552,552,552,537,537,530]} 1. d4 d5 2. c4 c6 3. Nf3 Nf6 4. Nc3 g6 5. cxd5 cxd5 6. Bf4 a6 7. e3 Bg7 8. Be2 O-O 9. O-O Nc6 10. h3 b5 {LiveBook: 9 Games} 11. a4 {D90: Grünfeld: 4 Nf3 Bg7 sidelines} (11. Ne5 Bb7 12. Nxc6 Bxc6 13. Qb3 Qd7 {½-½ (13) Piscopo,P (2396)-Puranik,A (2479) Pardubice 2017}) 11... b4 12. Na2 $146 {[%cal Bc3a2,Ba2c1,Bc1b3][%mdl 32]} ({Predecessor:} 12. Nb1 Ne4 13. Nbd2 Bf5 14. Rc1 Nxd2 15. Qxd2 Qb6 16. a5 Qb7 17. Rc5 Be4 18. Rfc1 Rfc8 {0-1 (57) Guerrero Olmos,S (2356)-Andres Gonzalez,I (2375) Gijon 2017}) 12... Qb6 13. Nc1 {White is slightly better.} Ne4 14. Nb3 a5 15. Rc1 Ba6 16. Bxa6 Qxa6 17. Nc5 Nxc5 18. Rxc5 e6 19. Qc2 Rfc8 20. Rc1 {[%cal Rc5c6]} Ne7 (20... Na7 $16) 21. Bc7 $18 Ra7 {[#]} 22. Nd2 (22. b3 $1 $18) 22... Qb7 (22... Bf8 $16 {might work better.} 23. Nb3 Qb7) 23. Nb3 $36 {[%mdl 2048] Keeping Black busy.} ({White should try} 23. Bxa5 $18 {[%cal Rc5c8]} Raa8 24. Bc7) 23... Ra6 (23... Bf8 $16 {keeps fighting.}) 24. Nxa5 ({Weaker is} 24. Bxa5 Nc6 $16) 24... Qa7 $2 {[#]} (24... Qa8 25. Nb3 Bf8) 25. Bb6 $1 {[%mdl 512]} Qxb6 (25... Rxb6 26. Rxc8+) 26. Rxc8+ Bf8 27. Nb3 Nxc8 28. a5 Qb5 {And now ...Nd6 would win.} 29. Qxc8 Kg7 30. g3 Bd6 31. Kg2 Qd3 32. Qc2 (32. g4 $18 {is more deadly.}) 32... Qxc2 $16 33. Rxc2 {[%mdl 4096] Endgame KRB-KRN} Kf6 34. g4 Ke7 35. Rc8 Kd7 (35... h6 $16 36. Kf3 Ra7) 36. Rh8 $18 Kc6 (36... Ke7 {was worth a try.} 37. Rxh7 Bc7) 37. Rxh7 Ra7 38. Kf3 Kb5 39. Ke2 Ka4 40. Nd2 b3 41. h4 Bb4 (41... e5 $142 42. h5 gxh5 43. gxh5 exd4 44. exd4 Bf4) 42. h5 {White is clearly winning.} gxh5 43. gxh5 {[%cal Bg4h5,Bh5h6][%mdl 32]} Bxa5 {and the idea ...Rc7 leaves Black hopeful.} 44. h6 {Precision: White = 75%, Black = 37%.} 1-0

[Event "IOM Open-Masters 2017"]
[Site "Douglas"]
[Date "2017.09.22"]
[Round "1"]
[White "Almasi, Zoltan"]
[Black "L'Ami, Erwin"]
[Result "1/2-1/2"]
[WhiteElo "2707"]
[BlackElo "2611"]
[Annotator "TA"]
[PlyCount "60"]
[EventDate "2017.??.??"]
[EventType "swiss"]
[EventCountry "GBR"]
[SourceTitle "playchess.com"]
[Source "ChessBase"]
[SourceQuality "1"]

{[%evp 9,60,-12,0,0,25,2,66,8,8,3,50,56,60,53,30,8,8,8,8,11,10,8,14,0,0,0,0,0,0,0,9,7,9,0,0,0,0,-7,-7,-5,-6,-27,-26,-36,-12,-8,-8,-8,-8,-8,-8,-13,-5]} 1. Nf3 d5 {[%cal Bd7d5,Bd5d4][%mdl 32]} 2. c4 d4 3. b4 f6 4. e3 e5 5. a3 (5. c5 a5 6. Qa4+ Bd7 7. b5 Bxc5 8. Bc4 Ne7 9. exd4 exd4 10. Ba3 Bxa3 11. Nxa3 Bg4 12. Nxd4 Nd7 {½-½ (38) Caruana,F (2823)-Topalov,V (2760) Saint Louis 2016}) 5... c5 6. d3 {A09: Réti Opening: 1 Nf3 d5 2 c4} dxe3 $146 ({Predecessor:} 6... a5 7. bxc5 Nc6 8. exd4 Nxd4 9. Nxd4 Qxd4 10. Ra2 Bxc5 11. Be3 {0-1 (38) Barnaure,V (2511)-Holmes,D (2271) Glasgow 2012}) 7. Bxe3 cxb4 ({Black should try} 7... Nc6 $11) 8. Be2 (8. d4 $14) 8... Nc6 $11 9. O-O Nge7 10. axb4 Nxb4 11. Bxa7 {[#] And now Bb6! would win.} Qd7 {Hoping for ...b6!} 12. Bd4 Rxa1 13. Bxa1 Nec6 $36 {[%mdl 2048] Black has good play.} 14. d4 exd4 15. Nxd4 {next Re1 is good for White.} Be7 16. Bh5+ g6 17. Bf3 Kf7 18. Nxc6 bxc6 19. Qb3 Qe6 20. Bc3 Nd3 21. Nd2 Rd8 22. Qb6 Ne5 23. Bxe5 Qxe5 24. Qxc6 Be6 25. Ne4 f5 26. Ng3 Rd2 27. Bd5 {The position is equal.} Bxd5 28. cxd5 Qxd5 29. Qxd5+ Rxd5 30. Re1 Bf6 {Precision: White = 45%, Black = 59%.} 1/2-1/2

[Event "IOM Open-Masters 2017"]
[Site "Douglas"]
[Date "2017.09.22"]
[Round "1"]
[White "Vidit, Santosh Gujrathi"]
[Black "Svane, Rasmus"]
[Result "1/2-1/2"]
[WhiteElo "2702"]
[BlackElo "2595"]
[Annotator "TA"]
[PlyCount "88"]
[EventDate "2017.??.??"]
[EventType "swiss"]
[EventCountry "GBR"]
[SourceTitle "playchess.com"]
[Source "ChessBase"]
[SourceQuality "1"]

{[%evp 18,88,15,2,34,16,33,35,29,14,41,25,31,28,36,39,61,60,64,54,46,40,66,52,60,31,35,23,18,0,0,0,0,0,0,0,16,9,13,0,0,0,10,6,8,22,94,8,8,0,39,0,0,0,0,0,0,0,0,0,0,0,0,-64,0,0,0,0,0,0,0,0,0]} 1. e4 e6 2. d4 d5 3. Nc3 Nf6 4. Bg5 dxe4 5. Nxe4 Be7 6. Bxf6 Bxf6 7. Nf3 Nd7 8. Qd2 O-O 9. O-O-O Be7 10. Bd3 c5 {C13: French: Classical System: 4 Bg5 Be7, Alekhine-Chatard Attack} 11. Nxc5 Nxc5 12. dxc5 Qc7 {White is slightly better.} 13. Qe2 $146 ({Predecessor:} 13. Rhe1 Rd8 14. Kb1 Rd5 15. h4 Qxc5 16. Qf4 Qd6 17. Qe3 Qc5 18. Qf4 {½-½ (38) Matinian,N (2470)-Ponkratov,P (2604) Khanty-Mansiysk 2015}) 13... Rd8 14. Ne5 Bf6 15. f4 Rd5 $1 {[%cal Rf6e5]} 16. Rhe1 Rxc5 17. h4 {[%cal Bh2h4,Bh4h5][%mdl 32]} Bxe5 18. fxe5 Bd7 19. Qe4 g6 20. h5 $1 Rc8 21. Kb1 {[%cal Rh5g6]} Bb5 22. c3 Rd8 23. Bxb5 Rxb5 24. h6 {[#] Threatens to win with Qc4!} Rbd5 25. Rd4 Rxd4 26. cxd4 $11 {[%mdl 4096] Endgame KQR-KQR} Rc8 27. a3 Kf8 28. Rf1 Qc4 29. Qf3 {[%csl Gf1][%cal Rf3f7] [#]} Qc2+ 30. Ka2 {[%csl Gf1][%cal Rf3f7]} Rc7 31. Qf6 {[%cal Rf6d8]} Ke8 32. d5 (32. Qh8+ $16 Ke7 33. Qf6+ Ke8 34. Ka1 (34. Qh8+ Ke7 $14)) 32... Qc4+ 33. Ka1 exd5 34. e6 fxe6 $1 35. Qxe6+ Re7 36. Qg8+ Kd7 37. Rd1 Kc7 38. Qf8 Rd7 39. Re1 a6 40. Kb1 (40. Re7 $11) 40... Qd3+ (40... Kb6 $15) 41. Ka1 {Threatening mate with Qc5+.The position is equal.} Qc4 42. Re7 Qc1+ 43. Ka2 Qc4+ 44. Ka1 Qc1+ {Precision: White = 61%, Black = 74%.} 1/2-1/2

[Event "IOM Open-Masters 2017"]
[Site "Douglas"]
[Date "2017.09.22"]
[Round "1"]
[White "Short, Nigel D"]
[Black "Osmanodja, Filiz"]
[Result "1-0"]
[WhiteElo "2698"]
[BlackElo "2245"]
[Annotator "TA"]
[PlyCount "81"]
[EventDate "2017.??.??"]
[EventType "swiss"]
[EventCountry "GBR"]
[SourceTitle "playchess.com"]
[Source "ChessBase"]
[SourceQuality "1"]

{[%evp 14,81,8,4,31,9,28,25,60,51,51,51,51,54,50,56,51,48,81,79,95,95,95,95,93,91,95,106,150,118,151,146,154,149,151,147,147,147,147,148,149,149,181,153,188,187,185,185,194,208,263,257,257,245,304,290,288,279,399,375,724,678,744,425,562,565,1001,973,29998,29999]} 1. d4 Nf6 2. Nf3 d5 3. c4 e6 4. g3 Bb4+ 5. Bd2 Be7 6. Bg2 O-O 7. O-O c6 8. Qb3 b5 {E11: Bogo-Indian} (8... Nbd7 9. Bb4 Re8 10. Bxe7 Qxe7 11. Nc3 dxc4 12. Qxc4 e5 13. dxe5 Nxe5 14. Nxe5 Qxe5 {½-½ (14) Markus,R (2649)-Kravtsiv,M (2636) Hungary 2017}) 9. cxb5 cxb5 10. Rc1 Ba6 $146 {White has an edge.} ({Predecessor:} 10... Qb6 11. Bb4 Bxb4 12. Qxb4 Bd7 13. Ne5 Na6 14. Nxd7 Nxd7 15. Qc3 Qb7 16. Nd2 {½-½ (56) Nikolaidis,I (2530)-Ricardi,P (2545) Elista 1998}) 11. Bb4 Bxb4 12. Qxb4 Qb6 13. Ne5 Nfd7 14. Nxd7 $1 Nxd7 15. e3 Rac8 16. Nd2 Nb8 17. Bf1 Nc6 18. Qc5 Qb7 19. Qa3 Qb6 20. Nb3 Rc7 21. Rc5 Rfc8 22. Rac1 h6 23. h4 Nb8 24. Rxc7 Rxc7 25. Rxc7 Qxc7 26. Nc5 Qb6 27. Qd3 Qa5 28. a3 {[%cal Ba2a3,Ba3a4,Ba4b5][%mdl 32]} Nc6 29. a4 {[%cal Ra4b5]} Bc8 30. axb5 Ne7 31. Qa3 Qb6 32. Na4 Qc7 33. Qc5 Qd7 34. b6 axb6 35. Nxb6 Qb7 (35... Qd8 $142 36. b4 f6) 36. Bb5 Kf8 $2 (36... g5 37. hxg5 hxg5) 37. Qd6 $18 {[%cal Rd6d8] [#]} g6 38. Qd8+ Kg7 39. Bd7 Bxd7 40. Nxd7 {White threatens Qf8+ and mate.} Nc6 41. Qf8+ {Precision: White = 91%, Black = 43%.} 1-0

[Event "IOM Open-Masters 2017"]
[Site "Douglas"]
[Date "2017.09.22"]
[Round "1"]
[White "Sutovsky, Emil"]
[Black "Yoo, Christopher Woojin"]
[Result "1-0"]
[WhiteElo "2683"]
[BlackElo "2254"]
[Annotator "TA"]
[PlyCount "59"]
[EventDate "2017.??.??"]
[EventType "swiss"]
[EventCountry "GBR"]
[SourceTitle "playchess.com"]
[Source "ChessBase"]
[SourceQuality "1"]

{[%evp 12,59,51,37,61,20,34,23,29,29,34,10,14,3,2,0,9,9,12,0,0,-8,-3,0,32,40,75,69,81,65,90,81,138,122,142,142,233,213,225,217,187,176,164,100,789,784,797,788,5061,5057]} 1. e4 e5 2. Nf3 Nc6 3. Bb5 a6 4. Ba4 Nf6 5. O-O b5 6. Bb3 Bc5 7. a4 {Hoping for axb5.} Rb8 {[#] C78: Ruy Lopez: Archangelsk and Möller Defences} ({Don't go for} 7... Nxe4 $2 8. axb5 Nxf2 9. Qe2 $18 (9. Rxf2 Bxf2+ 10. Kxf2 Nd4 $16)) 8. Nxe5 $1 {[%mdl 512]} Nxe5 9. d4 {[#]} Bxd4 $1 {[%mdl 512] White has an edge.} 10. Qxd4 d6 11. f4 Nc6 12. Qc3 Ne7 13. Qe1 O-O 14. f5 Bb7 {[#]} 15. axb5 $146 ({Predecessor:} 15. Qh4 Nxe4 {0-1 (40) Salgado Lopez,I (2621)-Kasimdzhanov,R (2675) Melilla 2011}) 15... axb5 {[%cal Ba6b5,Bb5b4][%mdl 32]} 16. Nc3 b4 17. Ne2 Bxe4 18. Bg5 {Threatens to win with Ng3.} Nxf5 {[#]} 19. g4 $1 {[%cal Bg2g4,Bg4f5,Bf5f6][%mdl 544]} h6 $1 {[%cal Rh6g5]} (19... Nxg4 20. Bxd8) 20. Bxf6 $1 Qxf6 21. gxf5 Rfe8 (21... Qxb2 $142 22. Qd2 Qf6) 22. Qf2 $16 Qxb2 23. f6 Bxc2 (23... Qxf6 $16 {keeps fighting.} 24. Qxf6 gxf6) 24. Nd4 $18 Re4 {aiming for ...Rg4+.} 25. Bxc2 {[%cal Bb3c2,Bc2d3,Bd3h7][%mdl 32]} ({Much less strong is} 25. Qxc2 $6 Qxd4+ 26. Kh1 Rf4 $14) 25... Rg4+ 26. Kh1 Qxd4 {[#]} 27. Qf3 $1 $40 {[%mdl 128] Strongly threatening Ra8. Black is in trouble.} c6 $2 {[%mdl 8192] [#]} (27... g6 $16) 28. Rad1 $1 {[%cal Rd1d4] White is clearly winning.} Qc4 29. Bd3 Qd4 {[#]} 30. Bh7+ $1 {[%mdl 512] Precision: White = 73%, Black = 45%.} 1-0

[Event "IOM Open-Masters 2017"]
[Site "Douglas"]
[Date "2017.09.22"]
[Round "1"]
[White "Kasimdzhanov, Rustam"]
[Black "Rudolf, Anna"]
[Result "1-0"]
[WhiteElo "2676"]
[BlackElo "2286"]
[Annotator "TA"]
[PlyCount "71"]
[EventDate "2017.??.??"]
[EventType "swiss"]
[EventCountry "GBR"]
[SourceTitle "playchess.com"]
[Source "ChessBase"]
[SourceQuality "1"]

{[%evp 14,71,25,26,25,24,41,40,43,19,20,23,45,56,63,62,81,84,95,95,86,60,53,46,42,18,79,74,99,97,98,84,133,129,146,162,297,295,410,424,414,359,406,406,496,527,516,506,615,605,881,879,811,770,1399,1347,2541,979,29988,29989]} 1. d4 d5 2. c4 e6 3. Nc3 Be7 4. cxd5 exd5 5. Bf4 c6 6. e3 Bd6 7. Bxd6 Qxd6 8. Bd3 Ne7 {D31: Queen's Gambit Declined: Semi-Slav without ...Nf6 (+ Marshall Gambit and Noteboom) and Exchange Variation lines without ...Nf6} 9. Qc2 g6 (9... b6 10. Nf3 Ba6 11. O-O Bxd3 12. Qxd3 Nd7 13. e4 O-O 14. Rfe1 Rfe8 15. Rac1 dxe4 16. Nxe4 {1-0 (54) Nakamura,H (2787)-Fressinet,L (2687) Paris 2016}) 10. f3 O-O {White is slightly better.} 11. O-O-O b5 $146 ({Predecessor:} 11... b6 12. g4 h6 13. h4 Ba6 14. Nge2 Qe6 15. e4 dxe4 16. fxe4 Qxg4 17. Bxa6 Nxa6 {0-1 (29) Della Pietra,A (2228)-Zemlickova,O (2053) Reykjavik 2017}) 12. Nge2 b4 13. Na4 Ba6 14. Nf4 Bb5 15. Qc5 Qxc5+ 16. Nxc5 Bxd3 17. Rxd3 a5 18. Kd2 Na6 19. Rc1 Rfb8 (19... Nxc5 $11 {remains equal.} 20. Rxc5 g5) 20. e4 $36 {[%mdl 2048] White is on the roll.} Nc7 21. e5 Kg7 22. g4 h6 23. h4 Nb5 24. h5 Ra7 (24... g5 $142) 25. hxg6 $18 fxg6 26. Nfe6+ Kf7 27. Rh1 Rh8 28. f4 h5 {[#]} 29. f5 $1 {[%mdl 512]} gxf5 30. gxf5 {[%cal Bg4f5,Bf5f6][%mdl 32]} h4 31. Rf3 Raa8 32. f6 Ng6 33. Ke3 Rh5 34. Rg1 h3 {[#]} 35. Ng5+ (35. Nd8+ $142 $1 {[%mdl 512]} Rxd8 36. e6+ Ke8 37. Rxg6 Rh8 38. Rfg3 Rf8 39. Rg8 Nd6 40. Kf4) 35... Rxg5 36. e6+ {Precision: White = 83%, Black = 35%.} 1-0